<The> Analytical Foundations of Evolutionary Economics From Biological Analogy to Economic Self-Organisation
Na minha lista:
| Autor principal: | |
|---|---|
| Formato: | Livro |
| Idioma: | inglês |
| Publicado em: |
Brisbane
The University of Queensland
1996
|
| Edição: | 1. ed. |
| Colecção: | Discussion Paper
No. 198 |
| Assuntos: | |
| Tags: |
Sem tags, seja o primeiro a adicionar uma tag!
|
MARC
| LEADER | 00000nam a2200000 4500 | ||
|---|---|---|---|
| 001 | c019236 | ||
| 005 | 20250512105131.6 | ||
| 041 | 0 | |a eng | |
| 044 | |a AU | ||
| 245 | 1 | 0 | |a <The> Analytical Foundations of Evolutionary Economics |b From Biological Analogy to Economic Self-Organisation |c John Foster |
| 250 | |a 1. ed. | ||
| 264 | 1 | |a Brisbane |b The University of Queensland |c 1996 | |
| 300 | |a 33 s. | ||
| 490 | 1 | |a Discussion Paper |v No. 198 | |
| 830 | 0 | |a Discussion Paper |v No. 198 | |
| 610 | 2 | 0 | |a veda ekonomická |
| 610 | 2 | 0 | |a ekonómia |
| 610 | 2 | 0 | |a vývoj hospodársky |
| 610 | 2 | 0 | |a organizácia |
| 610 | 2 | 0 | |a analýzy |
| 610 | 2 | 0 | |a biológia |
| 610 | 2 | 0 | |a teórie ekonomické |
| 100 | 1 | |a Foster, John | |